00342nam a2200145Ia 4500008004100000020001500041041001200056082001600068100001600084245002800100260002500128300001000153650001900163700001400182221030s9999 xx 000 0 und d a8125600221 aEnglish a105.23bJag aV. P. Jaggi 0aEngineering Mathematics bTMHaNew Delhic1995 a14.90 aBE Mathematics aS. Mathur